[Event "Madrid San Viator op 23rd"]
[Site "Madrid"]
[Date "2014.11.16"]
[Round "8"]
[White "Cabo, Cesar"]
[Black "Cantos Pardo, Daniel"]
[Result "1-0"]
[WhiteElo "1404"]
[BlackElo "1630"]
[PlyCount "73"]
[EventDate "2014.09.28"]
[EventType "swiss"]
[EventRounds "9"]
[EventCountry "ESP"]
[SourceTitle "EXT 2016"]
[Source "ChessBase"]
[SourceDate "2015.10.08"]
[SourceVersion "1"]
[SourceVersionDate "2015.10.08"]
[SourceQuality "1"]

1. d4 d5 2. c4 g6 3. Nc3 c6 4. e3 Bg7 5. Nf3 Bg4 6. cxd5 cxd5 7. Be2 Nf6 8. Ne5 Bxe2 9. Qxe2 a6 10. 0-0 Nc6 11. Nxc6 bxc6 12. Rd1 0-0 13. b3 e6 14. Bb2 Nd7 15. Rac1 Qe7 16. Na4 Rfc8 17. Rc2 e5 18. dxe5 Bxe5 19. Bxe5 Qxe5 20. Rdc1 c5 21. Qd2 Qd6 22. h3 Rc6 23. Rd1 Nf6 24. Nc3 Qd8 25. Qd3 d4 26. Rcd2 Qe7 27. exd4 cxd4 28. Re2 Qb4 29. Ne4 Nxe4 30. Rxe4 Rd6 31. Rc1 Qb5 32. Rc4 Qf5 33. f3 Kg7 34. g4 Qa5 35. Rexd4 Qe1+ 36. Kg2 Qe5 37. Rxd6 1-0

[Event "Madrid San Viator op 23rd"]
[Site "Madrid"]
[Date "2014.11.02"]
[Round "6"]
[White "Cantos Pardo, Daniel"]
[Black "Cano Mercado, Francisco Manuel"]
[Result "0-1"]
[WhiteElo "1630"]
[BlackElo "1885"]
[PlyCount "151"]
[EventDate "2014.09.28"]
[EventType "swiss"]
[EventRounds "9"]
[EventCountry "ESP"]
[SourceTitle "EXT 2016"]
[Source "ChessBase"]
[SourceDate "2015.10.08"]
[SourceVersion "1"]
[SourceVersionDate "2015.10.08"]
[SourceQuality "1"]

1. e4 c5 2. Nf3 e6 3. d4 cxd4 4. Nxd4 Nf6 5. Bd3 Nc6 6. Nxc6 bxc6 7. 0-0 d5 8. exd5 cxd5 9. b3 Be7 10. Bb2 0-0 11. f4 Ba6 12. Rf3 Bxd3 13. Qxd3 Ne4 14. Nd2 f5 15. Rd1 Rc8 16. c4 dxc4 17. Nxc4 Bc5+ 18. Kf1 Qh4 19. Qd7 Qe7 20. Qxe7 Bxe7 21. Rfd3 Bf6 22. Bxf6 Nxf6 23. Rd6 Rfe8 24. Re1 Ne4 25. Ra6 Re7 26. Rd1 g6 27. g3 Kg7 28. Kg2 h6 29. Kf3 g5 30. Kg2 gxf4 31. gxf4 Kf6 32. Kf3 Rg8 33. Nd6 Rge8 34. Ke3 Nxd6 35. Rdxd6 Rg8 36. Kf2 Rg4 37. Kf3 Rg1 38. Kf2 Rb1 39. Kf3 Re1 40. Kf2 Re4 41. Kf3 Rb7 42. Ra4 Rxa4 43. bxa4 Rb2 44. Ra6 Rxh2 45. Rxa7 Rxa2 46. a5 h5 47. a6 e5 48. Ra8 e4+ 49. Ke3 Ra3+ 50. Ke2 h4 51. Rh8 h3 52. a7 Rxa7 53. Rxh3 Ra2+ 54. Ke1 Ra1+ 55. Ke2 Rg1 56. Kf2 Rg4 57. Ke3 Rg6 58. Ke2 Ke6 59. Rh5 Rg4 60. Ke3 Rg3+ 61. Ke2 Rf3 62. Rh4 Kd5 63. Rh8 Rxf4 64. Rd8+ Ke6 65. Re8+ Kf7 66. Re5 Rf3 67. Ke1 Kf6 68. Re8 Kg5 69. Rh8 Kf4 70. Rh4+ Ke3 71. Rh2 Rg3 72. Re2+ Kf4 73. Rf2+ Rf3 74. Re2 Re3 75. Kf2 Rxe2+ 76. Kxe2 0-1